00380nam a2200097Ia 4500008004100000040002900041050002600070100002700096245012800123260003100251230222s9999||||xx |||||||||||||| ||und|| cChuka University Library aTHE LB 2903bK56 2016 aKimathi,Nkirote Nanice 0aChallenges in the management of non-teaching staff in public secondary schools in Meru Central Sub-County Meru County,Kenya aCUbChuka Universityc2016